000 00663nam a2200241 i 4500
001 C2-0301366
003 PPAK
005 20180728082700.0
008 091209s2009 my a|||| ||||| | may d
020 _a9789675367168
040 _aPPAK
_beng
_cPPAK
_erda
082 0 4 _a899.233
_223
090 0 0 _a899.233
_bNAZ
_dK
100 0 _aNazrie Haslieanie,
_eauthor
245 1 0 _aSi belang
264 1 _aBandar Baru Bangi, Selangor :
_bKarnaDya Solutions ,
_c2009
300 _a142 pages :
_billustrations ;
_c19 cm
336 _2rdacontent
_atext
337 _2rdamedia
_aunmediated
338 _2rdacarrier
_avolume
650 1 0 _aMalay fiction
942 _ddc
_cB
999 _c105157
_d105157